| 000 | 00682nam a2200229 a 4500 | ||
|---|---|---|---|
| 003 | PILC | ||
| 005 | 20150818144611.0 | ||
| 008 | 130326s19uu xx 00 eng d | ||
| 020 | _a9781847870940 | ||
| 050 |
_aHD 30.4 _b.G55 2005 |
||
| 100 | _aGill, John. | ||
| 245 |
_aResearch methods for managers / _cJohn Gill, Phil Johnson, with Murray Clark. |
||
| 250 | _a3rd edition. | ||
| 260 |
_aLondon : SAGE : _bSAGE, _c2005. |
||
| 300 |
_a233 pages ; _c24 cm. |
||
| 500 | _aIncludes bibliographical references, glossary and index. | ||
| 650 |
_aIndustrial management _xResearch |
||
| 700 | _aJohnson, Phil | ||
| 700 | _aClark, Murray | ||
| 942 |
_cBK _2lcc |
||
| 999 |
_c288402 _d288402 |
||